Інтерактивні технології як ефективний засіб навчання іншомовної комунікативної компетентності на немовних спеціальностях вищих навчальних закладів (Запис № 284181)

МАРК-запис
000 -LEADER
fixed length control field 02402nam a22001577a 4500
041 ## - LANGUAGE CODE
Language code of text/sound track or separate title ukr
080 ## - UNIVERSAL DECIMAL CLASSIFICATION NUMBER
Universal Decimal Classification number 09
090 ## - LOCALLY ASSIGNED LC-TYPE CALL NUMBER (OCLC); LOCAL CALL NUMBER (OCLC)
Local cutter number (OCLC) ; Book number/undivided call number, CALL (RLIN) ОЛІ
100 ## - MAIN ENTRY--PERSONAL NAME
Personal name Олійник Ю.В.
245 ## - TITLE STATEMENT
Title Інтерактивні технології як ефективний засіб навчання іншомовної комунікативної компетентності на немовних спеціальностях вищих навчальних закладів
260 ## - PUBLICATION, DISTRIBUTION, ETC. (IMPRINT)
Place of publication, distribution, etc Острог
Name of publisher, distributor, etc КАФ
Date of publication, distribution, etc 2009
300 ## - PHYSICAL DESCRIPTION
Extent 74
520 ## - SUMMARY, ETC.
Summary, etc ВСТУП<br/>РОЗДІЛ 1 ЗАБЕЗПЕЧЕННЯ ПРИНЦИПУ КОМУНІКАТИВНОСТІ ЯК ОСНОВИ ЕФЕКТИВНОГО НАВЧАННЯ ІНОЗЕМНИХ МОВ<br/>1.1 Інноваційні методи навчання іноземних мов у вищій школі в контексті гуманістичної спрямованості навчального процесу.<br/>1.2 Застосування інтерактивних технологій як одного з новітніх засобів навчання іноземних мов у вищих навчальних закладах.<br/>1.3 Інтерактивні технології технології співпраці.<br/>1.4 Сутність поняття комунікативної компетенції.<br/>1.5 Формування комунікативної компетентності студентів як основне завдання занять з іноземної мови.<br/>РОЗДІЛ 2 МЕТОДИКИ ІНТЕНСИФІКАЦІЇ НАВЧАННЯ КОМУНІКАЦІЇ НА ПРАКТИЧНИХ ЗАНЯТТЯХ З ІНОЗЕМНОЇ МОВИ<br/>2.1 Інтерактивне навчання на практиці.<br/>2.2 Інформативна бесіда як форма навчання комунікації.<br/>2.3 Методика навчання діалогу-розпитування та діалогу-обміну як ефективного засобу навчання комунікативної компетентності.<br/>2.4 Функціонально орієнтований добір лексичного матеріалу в процесі навчання комунікацій.<br/>ВИСНОВКИ
-- комунікативність,іноземна мова,урок
650 ## - SUBJECT ADDED ENTRY--TOPICAL TERM
Topical term or geographic name as entry element Research Papers
942 ## - ADDED ENTRY ELEMENTS (KOHA)
Koha item type Книги
Фонди
Withdrawn status Lost status Source of classification or shelving scheme Damaged status Not for loan Home library Current library Date acquired Source of acquisition Cost, normal purchase price Total Checkouts Full call number Barcode Date last seen Price effective from Koha item type
    Universal Decimal Classification     ВІЛ - Відділ іноземн. літератури НБ ВІЛ - Відділ іноземн. літератури НБ 16/04/2009 Акт №1 1.00   09 213437 15/12/2021 16/04/2009 Книги